000 01038nam a2200229 u 4500
001 000258378
003 AM-YeHGA
005 20250618071730.0
008 030904s1989 ai r 000 0 arm d
020 _a5540000390
040 _aAM-YeHGA
041 _aarm
245 1 1 _a«Նոր ճշմարտության» մարգարեները :
_bԱկնարկներ ժամանակակից կապիտալիստական աշխարհի պաշտամունքների և սնոտիապաշտությունների մասին /
_cԻ.Ռ. Գրիգուլևիչ ; Խմբ.՝ Ս.Բ. Հայրապետյան ; Թարգմ.՝ Դ.Մ. Սարգսյան.
260 _aԵրևան :
_bՀայաստան,
_c1989.
300 _a296 էջ ;
_c21 սմ.
504 _aՏողատակի ծանոթագր.
650 1 4 _aԿրոն
_xԱղանդներ
700 1 _aՀայրապետյան, Ս.Բ.
_eխմբ.
_4edt
700 1 _aՍարգսյան, Դավիթ Մկրտչի,
_g(Դավիթ Մկր-Սարգսյան),
_d1957-
_eթարգմ.
_4trl
_93377
942 _2udc
_cBK
090 _c94456
999 _c93157
_d93157